मराठी गझल (Record no. 416771)

MARC details
000 -LEADER
fixed length control field 00430nam a2200145Ia 4500
008 - FIXED-LENGTH DATA ELEMENTS--GENERAL INFORMATION
fixed length control field 100122s9999 xx 000 0 und d
082 ## - DEWEY DECIMAL CLASSIFICATION NUMBER
Item number 32405
Classification number 821
100 ## - MAIN ENTRY--PERSONAL NAME
Personal name महाम्बरे गंगाधर
245 ## - TITLE STATEMENT
Title मराठी गझल
260 ## - PUBLICATION, DISTRIBUTION, ETC. (IMPRINT)
Name of publisher, distributor, etc उत्कर्ष प्रकाशन
Date of publication, distribution, etc 1981
300 ## - PHYSICAL DESCRIPTION
Extent 104
630 ## - SUBJECT ADDED ENTRY--UNIFORM TITLE
Uniform title मराठी गझल
730 ## - ADDED ENTRY--UNIFORM TITLE
Uniform title मराठी गझल
942 ## - ADDED ENTRY ELEMENTS (KOHA)
Koha item type Book
Holdings
Withdrawn status Lost status Damaged status Not for loan Home library Current library Date acquired Cost, normal purchase price Total Checkouts Full call number Barcode Date last seen Cost, replacement price Price effective from Koha item type Public note
        S.V. Pathak Library, Vile Parle S.V. Pathak Library, Vile Parle 05/19/1982 12.00   32405 SVPPARLE-32405 01/25/2010 12.00 01/25/2010 Book General NA